Quick Pick: Zelda Game Titles Quiz Stats

Quiz Updated Sep 17, 2016

Challenge
Share
Tweet
Embed
Score 0/17 Timer 01:30
1 Play Today
% Correct
Legend
82.2%
Link
82%
Worlds
78.2%
Majora's
76.8%
Waker
72.6%
Ocarina
71.5%
Swords
68.6%
Four
68.3%
Princess
65.9%
% Correct
Awakening
65.5%
Adventure
63.9%
Heroes
62.1%
Spirit
61.9%
Cap
60.7%
Skyward
59.6%
Hourglass
58.8%
Oracle
55.4%

Today's Daily Dose

Missing Word
Law Misconceptions

Word Ladder
Easy Math

On This Day
January 20th

You're not logged in!

Compare scores with friends on all Sporcle quizzes.
Sign Up with Email
OR
Log In

You Might Also Like...

Show Comments

Extras

Top Quizzes Today


Score Distribution

Your Account Isn't Verified!

In order to create a playlist on Sporcle, you need to verify the email address you used during registration. Go to your Sporcle Settings to finish the process.